SHAIDHIK PARBANDHN AWM SMAVESHI VIDHALAYO KA NIRMAN (Record no. 19940)

MARC details
000 -LEADER
fixed length control field 00288nam a22001217a 4500
003 - CONTROL NUMBER IDENTIFIER
control field SGT
082 ## - DEWEY DECIMAL CLASSIFICATION NUMBER
Item number NAG
100 ## - MAIN ENTRY--PERSONAL NAME
Personal name NAGDA, DR. RAMESH CHANDRA
245 ## - TITLE STATEMENT
Title SHAIDHIK PARBANDHN AWM SMAVESHI VIDHALAYO KA NIRMAN
260 ## - PUBLICATION, DISTRIBUTION, ETC. (IMPRINT)
Place of publication, distribution, etc DELHI
Name of publisher, distributor, etc SHIKSHA
Year of Publication 2019
300 ## - PAGE DESCRIPTION
No. of Pages 272
942 ## - ADDED ENTRY ELEMENTS (KOHA)
Source of classification or shelving scheme Dewey Decimal Classification
Koha item type Books
942 ## - ADDED ENTRY ELEMENTS (KOHA)
-- 7
Holdings
Withdrawn status Lost status Source of classification or shelving scheme Damaged status Not for loan Collection code Home library Current library Date acquired Cost, normal purchase price SGTU Bill Number Total Checkouts Total Renewals Full call number Accession No. (Barcode) Date last seen Date last borrowed Bill Date Koha item type
    Dewey Decimal Classification     EDUCATION SGT Engineering Library SGT Engineering Library 29/04/2020 220.00 SGTU 101 7 1 NAG ED4651 19/04/2024 19/04/2024 29/04/2020 Books
    Dewey Decimal Classification     EDUCATION SGT Engineering Library SGT Engineering Library 29/04/2020 220.00 SGTU 101     NAG ED4652 29/04/2020   29/04/2020 Books